000
00250nam a2200097Ia 4500
001
1041982
005
20250826232052.0
008
250824s9999 xx 000 0 und d
245
0
_a
SÖZÜN EŞİĞİNDE
_c
İHSAN FAZLIOĞLU
260
_b
KETEBE YAYINLARI
999
_c
1041982
_d
1041982